| 000 | 02028nam a22003854a 4500 | ||
|---|---|---|---|
| 001 | ebr10172670 | ||
| 003 | CaPaEBR | ||
| 006 | m u | ||
| 007 | cr cn||||||||| | ||
| 008 | 050809s2006 nyu sb 001 0 eng | ||
| 010 | _z 2005022953 | ||
| 015 |
_aGBA595097 _2bnb |
||
| 016 | 7 |
_z013332589 _2Uk |
|
| 020 | _z0814742734 (cloth : alk. paper) | ||
| 040 |
_aCaPaEBR _cCaPaEBR |
||
| 035 | _a(OCoLC)182530741 | ||
| 043 | _an-us--- | ||
| 050 | 1 | 4 |
_aHD6490.R32 _bU653 2006eb |
| 082 | 0 | 4 |
_a364.1/06/0973 _222 |
| 100 | 1 | _aJacobs, James B. | |
| 245 | 1 | 0 |
_aMobsters, unions, and feds _h[electronic resource] : _bthe Mafia and the American labor movement / _cJames B. Jacobs. |
| 260 |
_aNew York : _bNew York University Press, _cc2006. |
||
| 300 | _axxxii, 320 p. | ||
| 504 | _aIncludes bibliographical references (p. 263-304) and index. | ||
| 505 | 0 | 0 |
_gIntroduction -- _tOrganized crime and organized labor -- _tPresident's Commission on Organized Crime -- _tLabor racketeering in New York City -- _tOrganized labor's response to organized crime -- _tLabor racketeering and the rank and file -- _tAttacking labor racketeering prior to Civil RICO _r(1982) -- _tCivil RICO suits and trusteeships -- _tThe liberation of IBT Local 560 -- _tThe New York City District Council of Carpenters -- _tThe four international unions -- _tEvaluating Civil RICO -- _gConcluding reflections. |
| 533 |
_aElectronic reproduction. _bPalo Alto, Calif. : _cebrary, _d2013. _nAvailable via World Wide Web. _nAccess may be limited to ebrary affiliated libraries. |
||
| 650 | 0 |
_aLabor unions _zUnited States _xHistory. |
|
| 650 | 0 |
_aRacketeering _zUnited States _xHistory. |
|
| 650 | 0 |
_aMafia _zUnited States _xHistory. |
|
| 650 | 0 |
_aOrganized crime _zUnited States _xHistory. |
|
| 650 | 0 |
_aOrganized crime investigation _zUnited States _xHistory. |
|
| 655 | 7 |
_aElectronic books. _2local |
|
| 710 | 2 | _aebrary, Inc. | |
| 856 | 4 | 0 |
_uhttp://site.ebrary.com/lib/rucke/Doc?id=10172670 _zAn electronic book accessible through the World Wide Web; click to view |
| 999 |
_c248842 _d248842 |
||